| 000 | 00545nam a22001817a 4500 | ||
|---|---|---|---|
| 999 |
_c194940 _d194940 |
||
| 005 | 20230201114734.0 | ||
| 010 | _aENG-136094 | ||
| 020 |
_a9788179774120 _c80.00 |
||
| 035 | _aEN-119626 | ||
| 037 | _bDBAD/PUB | ||
| 082 | _a821.08 | ||
| 100 | _aArora, Sudhir K. | ||
| 245 |
_aNiranjan Mohanty: _bThe Man And His Poetry/ _cSudhir K. Arora |
||
| 260 |
_aBareilly _bPrakash Book Depot _c2011 |
||
| 270 |
_aKarmchari Nagar Road, Surkha Chhawni _bBareily _e243122 |
||
| 300 |
_a136p. _c18cm(pbk) |
||
| 942 |
_2ddc _cEN _mARO _h821.08 |
||